Lo gubernativo en los tribunales y juzgados (Record no. 153779)

MARC details
000 -LEADER
campo de control de longitud fija 01051nam a22002175i 4500
001 - NÚMERO DE CONTROL
campo de control 153779
003 - IDENTIFICADOR DE NÚMERO DE CONTROL
campo de control ES-MaACL
005 - FECHA Y HORA DE LA ÚLTIMA TRANSACCIÓN
campo de control 20250827062633.0
008 - DATOS DE LONGITUD FIJA--INFORMACIÓN GENERAL
campo de control de longitud fija 000211s1899 sp |||| | spa d
040 ## - FUENTE DE CATALOGACIÓN
Centro catalogador/agencia de origen CCPB | B
Lengua de catalogación spa
Centro/agencia transcriptor CCPB | B
110 1# - ENTRADA PRINCIPAL--NOMBRE DE ENTIDAD CORPORATIVA
Nombre de entidad corporativa o nombre de jurisdicción como elemento de entrada España
9 (RLIN) 3622
240 10 - TÍTULO UNIFORME
Título uniforme Leyes, etc., de Tribunales y Juzgados
245 10 - MENCIÓN DEL TÍTULO
Título Lo gubernativo en los tribunales y juzgados
Resto del título : colección metódica y ordenada de las disposiciones legales vigentes que en materia gubernativa necesitan conocer los Presidentes de los Tribunales, jueces, secretarios, abogados, etc. seguido de un índicve general cronológico /
Mención de responsabilidad, etc. por Francisco Sánchez Torres.
260 ## - PUBLICACIÓN, DISTRIBUCIÓN, ETC.
Lugar de publicación, distribución, etc. Albacete :
Nombre del editor, distribuidor, etc. Imprenta y libreria de Sebastian Ruiz,
Fecha de publicación, distribución, etc. 1899.
300 ## - DESCRIPCIÓN FÍSICA
Extensión 828 p. ;
Dimensiones 21 cm.
650 #4 - PUNTO DE ACCESO ADICIONAL DE MATERIA--TÉRMINO DE MATERIA
Término de materia o nombre geográfico como elemento de entrada Justicia-
Subdivisión general Organización y administración.
9 (RLIN) 222118
700 21 - ENTRADA AGREGADA--NOMBRE PERSONAL
Nombre de persona Sánchez Torres, Francisco,
Término indicativo de función/relación
9 (RLIN) 133018
752 ## - ENTRADA AGREGADA--NOMBRE JERÁRQUICO DEL LUGAR
País o entidad superior España -
Ciudad Albacete
852 ## - LOCALIZACIÓN
Ubicación ES-MaACL
Número de control de estantería B-143
Nota libre -- Enc. pasta española
-- -- Enc. con "Apéndice á Lo gubernativo ..." 1904
Holdings
Estatus retirado Estado de pérdida Estado de daño No para préstamo Colección Biblioteca de origen Biblioteca actual Ubicación en estantería Fecha de adquisición Fuente de adquisición Total de préstamos Signatura topográfica completa Código de barras Visto por última vez Precio de reemplazo Tipo de ítem Koha
        Libros del s. XIX Biblioteca del Ateneo de Madrid Biblioteca del Ateneo de Madrid Sala Pardo Bazán 17/01/2008     B-143 1160776 23/02/2023 23/02/2023 Libro impreso antiguo